[Event "Piacenza Region-ch"]
[Site "Piacenza"]
[Date "2024.01.28"]
[Round "5"]
[White "Fernandez, Chahuaris Mattia"]
[Black "Costa, Luciano"]
[Result "1-0"]
[WhiteElo "1030"]
[BlackElo "1376"]
[PlyCount "41"]
[EventDate "2024.01.26"]
[EventType "swiss"]
[EventRounds "5"]
[EventCountry "ITA"]
[SourceTitle "CB06_2024"]
[SourceDate "2024.02.07"]
[SourceVersion "1"]
[SourceVersionDate "2024.02.07"]
[SourceQuality "1"]

1. e4 e6 2. c4 c5 3. Nc3 Nc6 4. Nge2 Nf6 5. d4 cxd4 6. Nxd4 Bb4 7. Nxc6 bxc6 8. e5 Ne4 9. Bd2 Nxc3 10. bxc3 Be7 11. Qg4 g6 12. Bd3 Qc7 13. f4 f6 14. Bxg6+ hxg6 15. Qxg6+ Kf8 16. exf6 Bxf6 17. Qxf6+ Kg8 18. Qg6+ Kf8 19. f5 Qe5+ 20. Kd1 Rg8 21. Bh6+ 1-0